000 00564nam a2200205Ia 4500
003 OSt
005 20250303142220.0
008 210210b1971 xxu||||| |||| 00| 0 eng d
040 _cAL
041 _ahin
082 _aH891.3 CHAK
100 _aCHAUHAN (Manhar):
_9203449
110 _bचौहान मनहर
_9203450
245 _aKahaniya hi kahaniya:
_bकहानियां ही कहानियां
260 _aNayi Dilli
_bAry Book Dipo
_c1971
300 _a94
690 _aHindi Fiction
_9203451
906 _a029897
942 _2ddc
_cBK
999 _c81095
_d81095